Normal view
MARC view
- MASS MEDIA. MASS COMMUNICATION.MEDIA IN THE DIGITAL AGE
Entry Topical Term
001 - CONTROL NUMBER
- control field: 61580
003 - CONTROL NUMBER IDENTIFIER
- control field: NUST
005 - DATE AND TIME OF LATEST TRANSACTION
- control field: 20210628202758.0
008 - FIXED-LENGTH DATA ELEMENTS
- fixed length control field: 210628|| aca||aabn | a|a d
040 ## - CATALOGING SOURCE
- Original cataloging agency: NUST
- Transcribing agency: NUST
150 ## - HEADING--TOPICAL TERM
- Topical term or geographic name entry element: MASS MEDIA. MASS COMMUNICATION.MEDIA IN THE DIGITAL AGE
670 ## - SOURCE DATA FOUND
- Source citation: Work cat.: (NUST): Dominick, Joseph R 37544, The dynamics of mass communication ,media in the digital age, 2002
